000
00322nam a22001337a 4500
008
180221b xxu||||| |||| 00| 0 eng d
020
_a
9781578862375
041
_a
eng
080
_a
37
100
_a
47
101
_a
EDU
245
_a
Research on alternative and non-traditional education
_c
Dangel,J.R
942
_2
udc
_c
BK
999
_c
43061
_d
43061